{"text_format":"1","workbook":"xlsx","n_sheets":1,"sheets":["inv_sumnistro_abril_2022"],"not_rendered":{"charts":0,"images":2,"macros":0,"external_links":0,"defined_names":0,"comments":0,"pivot_tables":0},"unopened":[],"bounds":{"document_bytes":16777216,"sheet_cells":100000,"rows_first":2000,"rows_last":500,"rows_between":2000,"halvings":0,"cell_chars":16384,"cell_head_chars":4096},"cells_cut":0,"cells_raw":0,"read":"whole","date_system":"1900"}

{"sheet":"inv_sumnistro_abril_2022","index":0,"n_rows":455,"n_cols":8,"rows_kept":455,"cut":false,"hidden":false,"merged":[[318,0,318,7],[319,0,319,7],[454,0,454,6],[162,6,166,6],[162,7,166,7],[321,0,325,0],[321,1,325,1],[321,2,325,2],[321,3,325,3],[321,4,325,4],[321,5,325,5],[321,6,325,6],[321,7,325,7],[158,0,158,7],[317,0,317,7],[159,0,159,7],[160,0,160,7],[162,0,166,0],[162,1,166,1],[162,2,166,2],[162,3,166,3],[162,4,166,4],[162,5,166,5],[291,0,291,6],[5,6,9,6],[5,7,9,7],[130,0,130,6],[1,0,1,7],[2,0,2,7],[3,0,3,7],[5,0,9,0],[5,1,9,1],[5,2,9,2],[5,3,9,3],[5,4,9,4],[5,5,9,5]]}
[]
["INSTITUTO DEL TABACO DE LA REPÚBLICA DOMINICANA"]
["INVENTARIO SUMINISTRO"]
["MES DE ABRIL 2025"]
[]
["Fecha de adquisición y/o registro","Artículo","Código institucional","Descripción artículo","Existencia","Unidad","Costo","Valor"]
[]
[]
[]
[]
["2018-03-23","GENERAL ( 21 )","MASKT-001","MASKING TAPE ",67,"UND",45.926659999999998,{"$f":"+G11*E11","v":3077.0862199999997}]
["2018-03-23","GENERAL ( 21 )","PAPE-CON-9 1/2X5 1/2","PAPEL CONTINUO 9 1/2 X 5 1/2 P. FACT.",4,"UNIDAD",601.69399999999996,{"$f":"+G12*E12","v":2406.7759999999998}]
["2017-02-01","GENERAL ( 21 )","PERFO-001","PERFORADORA DE 3 HOYOS",1,"UND",350,350]
["2018-03-23","OTROS ( 12 )","AMBIEN 2","AMBIENTADOR 2",147,"UND",116.83324,17174.486280000001]
["2018-03-23","OTROS ( 12 )","AT.,","ATOMIZADOR",4,"UND",227.74,910.96]
["2018-03-23","OTROS ( 12 )","BP/C","BLANQUEADOR P/ CERAMICA",9,"GAL",253.7,2283.2999999999997]
["2017-02-01","OTROS ( 12 )","BRILLO .V.","BRILLO VERDE",59,"UND",44.61524,2632.29916]
["2017-02-06","OTROS ( 12 )","C.D.C","CINTA DOBLE CARA ",10,"UND",272.18360999999999,2721.8361]
["2018-03-23","OTROS ( 12 )","CD,.","CUBIERTOS DES.",172,"PAQUET",25.23077,4339.6924399999998]
["2019-02-26","OTROS ( 12 )","CREM","CREMORA",184,"UND",377.6,69478.400000000009]
["2018-03-23","OTROS ( 12 )","GRAPAS 3","GRAPAS 3/4",5,"CAJA",211.864,1059.32]
["2018-03-23","OTROS ( 12 )","LAN","LANILLA P/LIMPIAR",74,"UND",75.771209999999996,5607.0695399999995]
["2018-03-23","OTROS ( 12 )","LI.C.","LIMPIADOR CRISTAL ",16,"POTE",111.29347,1780.69552]
["2017-01-31","OTROS ( 12 )","LT,","LIBRETA TIMBRADA",16,"UND",199.91923,3198.70768]
["2018-02-21","OTROS ( 12 )","PA.C.A","PAPEL CARBON ",5,"UND",377.28091999999998,1886.4045999999998]
["2019-02-26","OTROS ( 12 )","PDN6","PLATOS DESECH. N6",68,"PAQUET",53.454000000000001,3634.8719999999998]
["2019-02-26","OTROS ( 12 )","TS.M.","TALON. SOLICITUD MATERIALES",1,"UND",152.06618,152.06618]
["2017-02-23","OFICINA ( 13 )","12","RESMA DE PAPEL BOND 8 1/2 X11",576,"RESMA",214.76,123701.75999999999]
["2017-03-31","OFICINA ( 13 )","3X3","POST-IT3X3 WORKER",28,"UND",42.560569999999998,1191.69596]
["2019-02-26","OFICINA ( 13 )","BLP/B","BLANQUEADOR LIQUIDO P/BAÑO",6,"GAL",247.8,1486.8000000000002]
["2017-04-24","OFICINA ( 13 )","BO","BORRADOR",27,"UND",10.71564,289.32228000000003]
["2017-02-07","OFICINA ( 13 )","BP/E","BANDEJA P/ ESCRITORIO",3,"UND",812.15387999999996,2436.46164]
["2018-03-23","OFICINA ( 13 )","C.2","CLIP BILLETERO 51MM",62,"CAJA",193.42124000000001,11992.116880000001]
["2018-03-23","OFICINA ( 13 )","C.B 125MM","CLIP BILLETERO 125MM",59,"CAJA",47.522410000000001,2803.8221899999999]
["2017-04-24","OFICINA ( 13 )","C.BILL.","CLIP BILLETERO 32MM",26,"CAJA",48.8992,1271.3792000000001]
["2019-02-15","OFICINA ( 13 )","C.E 890","CINTA EPSON 890",21,"UND",468.40870000000001,9836.5827000000008]
["2019-02-15","OFICINA ( 13 )","CB 1.5","CLIP BILLETERO 41MM",51,"CAJA",129.99941999999999,6629.9704199999996]
["2019-02-15","OFICINA ( 13 )","CCE278","CARTUCHO LASER 278",18,"UND",522.91878999999994,9412.5382199999985]
["2019-02-15","OFICINA ( 13 )","CCE285","CARTUCHO LASER 285",16,"UND",474.36,7589.76]
["2019-02-15","OFICINA ( 13 )","CEPILLO P.","CEPILLO PARED",9,"UND",49.56,446.04]
["2019-02-15","OFICINA ( 13 )","CINTA P/ CALCULADORA","CINTA P/ CALCULADORA ELEC.",5,"UND",56.002800000000001,280.01400000000001]
["2019-02-15","OFICINA ( 13 )","CPE","CUBIERTAS P/ENCUADERNAR",1,"PAQUET",389.45470999999998,389.45470999999998]
["2006-12-31","OFICINA ( 13 )","CPPD","CARPETAS PRINTEADAS P/DOC.",88,"UND",442.5,38940]
["2019-02-15","OFICINA ( 13 )","CUC. DES.","CUCHARAS DES.",87,"PAQUET",17.7,1539.8999999999999]
["2019-02-15","OFICINA ( 13 )","D","DETERGENTE",21,"UND",1133.04349,23793.91329]
["2017-02-01","OFICINA ( 13 )","DES.","DESINFECTANTE",324,"GAL",130.33099999999999,42227.243999999999]
["2017-02-01","OFICINA ( 13 )","E35MM","ESPIRAL 3/4",1,"PAQUET",923.67449999999997,923.67449999999997]
["2017-02-07","OFICINA ( 13 )","EG.","EGA",1,"GAL",445.11173000000002,445.11173000000002]
["2017-02-06","OFICINA ( 13 )","ESC.","ESCOBA",42,"UND",146.17581999999999,6139.3844399999998]
["2017-02-01","OFICINA ( 13 )","F.M.E.","FORMULARIO EQUIPOS Y/O MOV.",75,"UND",135.85946000000001,10189.459500000001]
["2017-02-01","OFICINA ( 13 )","F30G","FUNDAS 30GLS.",80,"PAQUET",672.6,53808]
["2019-02-26","OFICINA ( 13 )","FUND. 55","FUNDAS 55 P/B.",55,"PAQUET",783.68584999999996,43102.721749999997]
["2017-02-01","OFICINA ( 13 )","GG.","GUANTES GOMAS",79,"PAR",47.694369999999999,3767.8552300000001]
["2018-02-21","OFICINA ( 13 )","GR26/6","GRAPAS 26/6",34,"CAJA",65.085509999999999,2212.9073399999997]
["2018-02-21","OFICINA ( 13 )","HCB","HOJAS CARTULINA BLANCA",1,"RESMA",2655,2655]
["2018-02-21","OFICINA ( 13 )","LLM","JABON LIQ.P/MANOS",237,"UND",205.84950000000001,48786.3315]
["2017-02-07","OFICINA ( 13 )","LR","LIBRO RECORD",7,"UND",283.2,1982.3999999999999]
["2017-02-01","OFICINA ( 13 )","MPP.","MARCADOR P/PIZ.AZUL",2,"UND",39.709310000000002,79.418620000000004]
["2018-02-21","OFICINA ( 13 )","P.TP/M","PAPEL TOALLA P/MANO",430,"UND",129.80000000000001,55814.000000000007]
["2017-01-31","OFICINA ( 13 )","PAPEL J.","PAPEL JUMBO",521,"UND",64.900000000000006,33812.9]
["2018-03-20","OFICINA ( 13 )","PC4C","PAPEL CONT. 9 1/2 X 11 4C.",31,"CAJA",754.76241000000005,23397.634710000002]
["2019-02-26","OFICINA ( 13 )","PLATOS N9","PLATOS DES. N9",101,"PAQUET",63.72,6435.72]
["2019-02-26","OFICINA ( 13 )","PLD7X8CD.","PLATOS DESECH. 7X8 C/DIV.",41,"PAQUET",937.51,38437.909999999996]
["2019-02-26","OFICINA ( 13 )","PP/B","PASTILLA PERF. P/B",138,"UND",146.99429000000001,20285.212020000003]
["2019-02-26","OFICINA ( 13 )","R91/2X17","RESMA PAPEL BOND 9 1/2X17",2,"RESMA",820.1,1640.2]
["2017-01-26","OFICINA ( 13 )","ROLL","ROLLO PAPEL 2-1/4 SUMADORA",12,"UND",21.49822,257.97863999999998]
["2017-02-01","OFICINA ( 13 )","RTR","ROLON TINTA ROJA",1,"UND",84.75,84.75]
["2017-01-31","OFICINA ( 13 )","SM10X15","SOBRE MANILA  10X15",90,"UNDS",4.99735,449.76150000000001]
["2017-09-26","OFICINA ( 13 )","SUM-BRI G.","BRILLO GORDO",22,"UND",7.08,155.76]
["2018-03-26","OFICINA ( 13 )","SUM-CAF","CAFE",118,"LIBRA",271.82513,32075.36534]
["2017-02-01","OFICINA ( 13 )","SUM-CARP.GRAN.","CARPETA GRANDE 3 HOYOS",11,"UND",348.1,3829.1000000000004]
["2019-02-26","OFICINA ( 13 )","SUM-CEPIPLAS","CEPILLO PARA INODORO",1,"UND",109.74,109.74]
["2017-05-08","OFICINA ( 13 )","SUM-CLI","CLIP JUMBO",65,"UND",62.187609999999999,4042.1946499999999]
["2018-02-21","OFICINA ( 13 )","SUM-CLIP #1"," CLIP #1",2,"CAJA",22.198170000000001,44.396340000000002]
["2017-01-23","OFICINA ( 13 )","SUM-CLIP MAR.","CLIP MARIPOSA",27,"CAJA",150,4050]
["2018-05-11","OFICINA ( 13 )","SUM-CLO","CLORO",246,"GAL",87.134069999999994,{"$f":"+G76*E76","v":21434.981219999998}]
["2017-02-01","OFICINA ( 13 )","SUM-ETF","ETIQUETA PARA FOLDERS",14,"UND",80.894270000000006,1132.5197800000001]
["2018-05-11","OFICINA ( 13 )","SUM-FAR","FAROLA",1,"UND",132.75,132.75]
["2018-05-11","OFICINA ( 13 )","SUM-FELN","FELPAS NEGRAS",20,"UND",54.110100000000003,1082.202]
["2017-01-26","OFICINA ( 13 )","SUM-FGD","FOLDER C/ BOLSILLO",164,"UND",49.998959999999997,8199.8294399999995]
["2019-02-26","OFICINA ( 13 )","SUM-FINANC","FOLDERS FINANCIERO",341,"UND",59.261899999999997,20208.3079]
["2018-03-23","OFICINA ( 13 )","SUM-FUN17","FUNDAS17/22",59,"PAQUET",139.24,8215.16]
["2017-01-26","OFICINA ( 13 )","SUM-GMH","GANCHOS M/H",4,"UNIDAD",78.233999999999995,312.93599999999998]
["2019-02-26","OFICINA ( 13 )","SUM-JB. AZ.","JABON AZULITO",192,"UND",2.1633300000000002,415.35936000000004]
["2019-02-26","OFICINA ( 13 )","SUM-LAP.N.","LAPICERO NEGRO ",9,"UND",11.0595,99.535499999999999]
["2019-02-26","OFICINA ( 13 )","SUM-LAPIRO","LAPICERO ROJO",6,"UND",9.8912200000000006,59.347320000000003]
["2018-03-23","OFICINA ( 13 )","SUM-LCAR","LAPIZ",2,"UND",7.0270299999999999,14.05406]
["2018-03-23","OFICINA ( 13 )","SUM-MAR","MARCADORES",52,"UND",24.001200000000001,1248.0624]
["2019-02-26","OFICINA ( 13 )","SUM-PEND","PENDAFLEX  X 11",4,"UND",1486.4991,5945.9964]
["2018-03-23","OFICINA ( 13 )","SUM-PLA","PORTA LAPIZ",16,"UND",90.86,1453.76]
["2019-02-26","OFICINA ( 13 )","SUM-PNOT","PAPEL NOTARIAL",11,"RESMA",238.68181999999999,2625.5000199999999]
["2017-02-01","OFICINA ( 13 )","SUM-POC","PORTA CLIP",14,"UND",66.031570000000002,924.44198000000006]
["2006-12-31","OFICINA ( 13 )","SUM-RECBA","RECOGEDOR DE BASURA",1,"UND",115.97432999999999,115.97432999999999]
["2006-12-31","OFICINA ( 13 )","SUM-RG","REGLA",1,"UND",6.4428000000000001,6.4428000000000001]
["2017-01-26","OFICINA ( 13 )","SUM-RPX14","RESMA DE PAPEL BONB 81/2X14",13,"RESMA",345.45416999999998,4490.9042099999997]
["2017-01-26","OFICINA ( 13 )","SUM-SAP","SACA PUNTA",18,"UND",7.7086300000000003,138.75534000000002]
["2019-02-26","OFICINA ( 13 )","SUM-SER","SERVILLETAS",857,"PAQUET",51.416269999999997,44063.743389999996]
["2018-03-23","OFICINA ( 13 )","SUM-SGRP","SACA GRAPAS",3,"UND",41.3,123.89999999999999]
["2019-02-26","OFICINA ( 13 )","SUM-SM","SOBRES MANILA 9X12",506,"UND",9.7136300000000002,4915.0967799999999]
["2018-03-23","OFICINA ( 13 )","SUM-SO","SOBRES BLANCOS",17,"UND",1.9348099999999999,32.891770000000001]
["2018-03-23","OFICINA ( 13 )","SUM-STIM","SOBRES TIMBRADOS",783,"UND",10.88754,8524.9438200000004]
["2018-03-23","OFICINA ( 13 )","SUM-SUAP","SUAPER",47,"UND",182.50156000000001,8577.5733200000013]
["2018-03-23","OFICINA ( 13 )","SUM-TAL.ORD. DESP.","TALONARIO ORDEN DE DESPACHO.",96,"UND",200.59612000000001,19257.22752]
["2018-03-23","OFICINA ( 13 )","SUM-TALEM","TALONARIO ENT. DE MATERIALES",112,"UND",57.3232,6420.1984000000002]
["2018-03-23","OFICINA ( 13 )","SUM-TLCAGR","TALONARIO CONTROL AGROQUIMICO",91,"UND",412.43626999999998,37531.700570000001]
["2017-01-26","OFICINA ( 13 )","SUM-VAS","VASOS #10",296,"PAQUET",75.52,22353.919999999998]
["2017-01-26","OFICINA ( 13 )","T206A C","TONER HP-206 A C.",4,"UND",6035.67191,24142.68764]
["2017-01-26","OFICINA ( 13 )","T206A M","TONER HP-206 A M.",4,"UND",6052.8942900000002,24211.577160000001]
["2017-01-26","OFICINA ( 13 )","T206AK","TONER  HP-206 A K.",3,"UND",5200.26,15600.78]
["2017-01-26","OFICINA ( 13 )","T206AY","TONER HP-206 A Y.",4,"UND",6052.8942900000002,24211.577160000001]
["2017-01-26","OFICINA ( 13 )","TA","TINTA AZUL P/S",31,"POTE",45.653309999999998,1415.25261]
["2017-01-26","OFICINA ( 13 )","TALON.PERS.NOM.","TALONARIO PERSONAL NOMINAL",2,"UND",95,190]
["2017-01-26","OFICINA ( 13 )","TALONARIO SOL. C.C.","TALONARIO SOLICITUD CAJA CHICA",53,"UND",32.690759999999997,1732.6102799999999]
["2017-01-26","OFICINA ( 13 )","TB,","TINTA 664 BLACK",28,"UND",242.29333,6784.21324]
["2017-01-26","OFICINA ( 13 )","TB,.","TINTA 664 Y.",40,"UND",247.8,9912]
["2017-01-26","OFICINA ( 13 )","TB.","TINTA 664 CYAN",39,"UND",250.31515999999999,9762.2912400000005]
["2017-01-26","OFICINA ( 13 )","TB664","TINTA 664 MAG.",39,"UND",249.36915999999999,9725.3972400000002]
["2017-01-26","OFICINA ( 13 )","TCVP","TALON.CONTROL VISITAS A PROD.",44,"UND",55,2420]
["2017-01-26","OFICINA ( 13 )","TE504C","TINTA  504 CYAN",39,"UND",362.10174999999998,14121.96825]
["2017-01-26","OFICINA ( 13 )","TE504M","TINTA  504 M.",37,"UND",354.33067999999997,13110.235159999998]
["2017-01-26","OFICINA ( 13 )","TE504Y","TINTA  504 Y.",24,"UND",412.04512999999997,9889.0831199999993]
["2019-02-15","OFICINA ( 13 )","TE544C","TINTA EPSON 544C",37,"UND",355.51177999999999,13153.93586]
["2019-02-15","OFICINA ( 13 )","TE544K","TINTA EPSON 544K",13,"UND",403.36844000000002,5243.7897200000007]
["2017-01-26","OFICINA ( 13 )","TE544M","TINTA EPSON 544M",37,"UND",354.21215000000001,13105.849550000001]
["2019-02-15","OFICINA ( 13 )","TE544Y","TINTA EPSON 544Y",36,"UND",358.96827999999999,12922.85808]
["2019-02-15","OFICINA ( 13 )","TEPLX350","TINTA EPSON LX350",25,"UND",239.54,5988.5]
["2019-02-15","OFICINA ( 13 )","TET504","TINTA  504 BLACK",27,"UND",397.98133999999999,10745.49618]
["2019-02-15","OFICINA ( 13 )","TP/C","TOALLA P/COCINA",113,"UND",214.19387,24203.907309999999]
["2019-02-15","OFICINA ( 13 )","VASOS #7","VASOS #7",209,"PAQUET",43.66,9124.9399999999987]
["2019-02-15","OFICINA ( 13 )","VN5","VASOS N. 5",252,"PAQUET",62.54,15760.08]
["TOTAL",null,null,null,null,null,null,{"$f":"SUM(H11:H130)","v":1315504.6804499999}]
[]
[]
[]
[]
[]
[]
[]
[]
[]
[]
[]
[]
[]
[]
[]
[]
[]
[]
[]
[]
[]
[]
[]
[]
[]
[]
[]
["INSTITUTO DEL TABACO DE LA REPÚBLICA DOMINICANA"]
["INVENTARIO SUMINISTRO"]
["MES DE MAYO 2025"]
[]
["Fecha de adquisición y/o registro","Artículo","Código institucional","Descripción artículo","Existencia","Unidad","Costo","Valor"]
[]
[]
[]
[]
["2018-03-23","GENERAL ( 21 )","MASKT-001","MASKING TAPE ",65,"UND",45.926659999999998,{"$f":"+G168*E168","v":2985.2329}]
["2018-03-23","GENERAL ( 21 )","PAPE-CON-9 1/2X5 1/2","PAPEL CONTINUO 9 1/2 X 5 1/2 P. FACT.",4,"UNIDAD",601.69399999999996,{"$f":"+G169*E169","v":2406.7759999999998}]
["2017-02-01","GENERAL ( 21 )","PERFO-001","PERFORADORA DE 3 HOYOS",1,"UND",350,350]
["2018-03-23","OTROS ( 12 )","AMBIEN 2","AMBIENTADOR 2",132,"UND",116.83324,15421.98768]
["2018-03-23","OTROS ( 12 )","AT.,","ATOMIZADOR",4,"UND",227.74,910.96]
["2018-03-23","OTROS ( 12 )","BP/C","BLANQUEADOR P/ CERAMICA",9,"GAL",253.7,2283.2999999999997]
["2017-02-01","OTROS ( 12 )","BRILLO .V.","BRILLO VERDE",54,"UND",44.61524,2409.2229600000001]
["2017-02-06","OTROS ( 12 )","C.D.C","CINTA DOBLE CARA ",42,"UND",260.66059000000001,10947.744780000001]
["2018-03-23","OTROS ( 12 )","CD,.","CUBIERTOS DES.",163,"PAQUET",25.23077,4112.6155099999996]
["2019-02-26","OTROS ( 12 )","CREM","CREMORA",160,"UND",377.6,60416]
["2018-03-23","OTROS ( 12 )","GRAPAS 3","GRAPAS 3/4",5,"CAJA",211.864,1059.32]
["2018-03-23","OTROS ( 12 )","LAN","LANILLA P/LIMPIAR",72,"UND",75.771209999999996,5455.5271199999997]
["2018-03-23","OTROS ( 12 )","LI.C.","LIMPIADOR CRISTAL ",15,"POTE",111.29347,1669.4020499999999]
["2017-01-31","OTROS ( 12 )","LT,","LIBRETA TIMBRADA",11,"UND",199.91923,2199.1115300000001]
["2018-02-21","OTROS ( 12 )","PA.C.A","PAPEL CARBON ",1,"UND",377.28091999999998,377.28091999999998]
["2019-02-26","OTROS ( 12 )","PDN6","PLATOS DESECH. N6",61,"PAQUET",53.454000000000001,3260.694]
["2019-02-26","OTROS ( 12 )","TINTA Z.","TINTA ZEBRA CZ100",10,"UND",3894,38940]
["2017-02-23","OFICINA ( 13 )","12","RESMA DE PAPEL BOND 8 1/2 X11",522,"RESMA",214.76,112104.72]
["2017-03-31","OFICINA ( 13 )","3X3","POST-IT3X3 WORKER",102,"UND",36.543280000000003,3727.4145600000002]
["2019-02-26","OFICINA ( 13 )","BLP/B","BLANQUEADOR LIQUIDO P/BAÑO",6,"GAL",247.8,1486.8000000000002]
["2017-04-24","OFICINA ( 13 )","BO","BORRADOR",25,"UND",10.71564,267.89100000000002]
["2017-02-07","OFICINA ( 13 )","BP/E","BANDEJA P/ ESCRITORIO",13,"UND",776.03078000000005,10088.400140000002]
["2018-03-23","OFICINA ( 13 )","C.2","CLIP BILLETERO 51MM",62,"CAJA",193.42124000000001,11992.116880000001]
["2018-03-23","OFICINA ( 13 )","C.B 125MM","CLIP BILLETERO 125MM",57,"CAJA",47.522410000000001,2708.7773700000002]
["2017-04-24","OFICINA ( 13 )","C.BILL.","CLIP BILLETERO 32MM",25,"CAJA",48.8992,1222.48]
["2019-02-15","OFICINA ( 13 )","C.E 890","CINTA EPSON 890",21,"UND",468.40870000000001,9836.5827000000008]
["2019-02-15","OFICINA ( 13 )","CB 1.5","CLIP BILLETERO 41MM",50,"CAJA",129.99941999999999,6499.9709999999995]
["2019-02-15","OFICINA ( 13 )","CCE278","CARTUCHO LASER 278",18,"UND",522.91878999999994,9412.5382199999985]
["2019-02-15","OFICINA ( 13 )","CCE285","CARTUCHO LASER 285",16,"UND",474.36,7589.76]
["2019-02-15","OFICINA ( 13 )","CEPILLO P.","CEPILLO PARED",9,"UND",49.56,446.04]
["2019-02-15","OFICINA ( 13 )","CINTA P/ CALCULADORA","CINTA P/ CALCULADORA ELEC.",5,"UND",56.002800000000001,280.01400000000001]
["2019-02-15","OFICINA ( 13 )","CPE","CUBIERTAS P/ENCUADERNAR",1,"PAQUET",389.45470999999998,389.45470999999998]
["2006-12-31","OFICINA ( 13 )","CPPD","CARPETAS PRINTEADAS P/DOC.",76,"UND",442.5,33630]
["2019-02-15","OFICINA ( 13 )","CUC. DES.","CUCHARAS DES.",46,"PAQUET",17.7,814.19999999999993]
["2019-02-15","OFICINA ( 13 )","D","DETERGENTE",20,"UND",1133.04349,22660.8698]
["2017-02-01","OFICINA ( 13 )","DES.","DESINFECTANTE",300,"GAL",130.33099999999999,39099.299999999996]
["2017-02-01","OFICINA ( 13 )","E35MM","ESPIRAL 3/4",1,"PAQUET",923.67449999999997,923.67449999999997]
["2017-02-07","OFICINA ( 13 )","EG.","EGA",1,"GAL",445.11173000000002,445.11173000000002]
["2017-02-06","OFICINA ( 13 )","ESC.","ESCOBA",39,"UND",146.17581999999999,5700.8569799999996]
["2017-02-01","OFICINA ( 13 )","F.M.E.","FORMULARIO EQUIPOS Y/O MOV.",75,"UND",135.85946000000001,10189.459500000001]
["2017-02-01","OFICINA ( 13 )","F30G","FUNDAS 30GLS.",80,"PAQUET",672.6,53808]
["2019-02-26","OFICINA ( 13 )","FUND. 55","FUNDAS 55 P/B.",45,"PAQUET",783.68584999999996,35265.863249999995]
["2017-02-01","OFICINA ( 13 )","GG.","GUANTES GOMAS",78,"PAR",47.694369999999999,3720.16086]
["2018-02-21","OFICINA ( 13 )","GR26/6","GRAPAS 26/6",32,"CAJA",65.085509999999999,2082.73632]
["2018-02-21","OFICINA ( 13 )","LIQUI-001","CORRECTOR LIQUIDO",50,"UND",24.78,1239]
["2018-02-21","OFICINA ( 13 )","LLM","JABON LIQ.P/MANOS",235,"UND",205.84950000000001,48374.6325]
["2017-02-07","OFICINA ( 13 )","LR","LIBRO RECORD",5,"UND",283.2,1416]
["2017-02-01","OFICINA ( 13 )","MPP.","MARCADOR P/PIZ.AZUL",2,"UND",39.709310000000002,79.418620000000004]
["2018-02-21","OFICINA ( 13 )","P.TP/M","PAPEL TOALLA P/MANO",346,"UND",129.80000000000001,44910.8]
["2017-01-31","OFICINA ( 13 )","PAPEL J.","PAPEL JUMBO",386,"UND",64.900000000000006,25051.4]
["2018-03-20","OFICINA ( 13 )","PC4C","PAPEL CONT. 9 1/2 X 11 4C.",31,"CAJA",754.76241000000005,23397.634710000002]
["2019-02-26","OFICINA ( 13 )","PLATOS N9","PLATOS DES. N9",74,"PAQUET",63.72,4715.28]
["2019-02-26","OFICINA ( 13 )","PLD7X8CD.","PLATOS DESECH. 7X8 C/DIV.",38,"PAQUET",937.51,35625.379999999997]
["2019-02-26","OFICINA ( 13 )","PP/B","PASTILLA PERF. P/B",135,"UND",146.99429000000001,19844.229149999999]
["2019-02-26","OFICINA ( 13 )","R91/2X17","RESMA PAPEL BOND 9 1/2X17",2,"RESMA",820.1,1640.2]
["2017-01-26","OFICINA ( 13 )","ROLL","ROLLO PAPEL 2-1/4 SUMADORA",12,"UND",21.49822,257.97863999999998]
["2017-02-01","OFICINA ( 13 )","RTR","ROLON TINTA ROJA",1,"UND",84.75,84.75]
["2017-01-31","OFICINA ( 13 )","SM10X15","SOBRE MANILA  10X15",88,"UNDS",4.99735,439.76679999999999]
["2017-09-26","OFICINA ( 13 )","SPG.","ZAFACONES",29,"UND",265.5,7699.5]
["2018-03-26","OFICINA ( 13 )","SUM-AZU","LAPICERO AZUL",7891,"UND",1.04,8206.64]
["2017-02-01","OFICINA ( 13 )","SUM-BRI G.","BRILLO GORDO",18,"UND",7.08,127.44]
["2019-02-26","OFICINA ( 13 )","SUM-CAF","CAFE",33,"LIBRA",271.82513,8970.2292899999993]
["2017-05-08","OFICINA ( 13 )","SUM-CALM","CALCULADORA MANUAL",13,"UND",562.86,7317.18]
["2018-02-21","OFICINA ( 13 )","SUM-CARP.GRAN.","CARPETA GRANDE 3 HOYOS",11,"UND",348.1,3829.1000000000004]
["2017-01-23","OFICINA ( 13 )","SUM-CEPIPLAS","CEPILLO PARA INODORO",1,"UND",109.74,109.74]
["2018-05-11","OFICINA ( 13 )","SUM-CLI","CLIP JUMBO",62,"UND",62.187609999999999,{"$f":"+G233*E233","v":3855.6318200000001}]
["2017-02-01","OFICINA ( 13 )","SUM-CLIP MAR.","CLIP MARIPOSA",27,"CAJA",150,4050]
["2018-05-11","OFICINA ( 13 )","SUM-CLO","CLORO",228,"GAL",87.134069999999994,19866.56796]
["2018-05-11","OFICINA ( 13 )","SUM-CTE","CINTAS DE EMPAQUE",93,"UND",69.62,6474.6600000000008]
["2017-01-26","OFICINA ( 13 )","SUM-ETF","ETIQUETA PARA FOLDERS",13,"UND",80.894270000000006,1051.6255100000001]
["2019-02-26","OFICINA ( 13 )","SUM-FAR","FAROLA",1,"UND",132.75,132.75]
["2018-03-23","OFICINA ( 13 )","SUM-FEL","FELPAS AZULES",35,"UND",45,1575]
["2017-01-26","OFICINA ( 13 )","SUM-FELN","FELPAS NEGRAS",19,"UND",54.110100000000003,1028.0919000000001]
["2019-02-26","OFICINA ( 13 )","SUM-FGD","FOLDER C/ BOLSILLO",60,"UND",49.998959999999997,2999.9375999999997]
["2019-02-26","OFICINA ( 13 )","SUM-FINANC","FOLDERS FINANCIERO",341,"UND",59.261899999999997,20208.3079]
["2019-02-26","OFICINA ( 13 )","SUM-FUN17","FUNDAS17/22",57,"PAQUET",139.24,7936.68]
["2018-03-23","OFICINA ( 13 )","SUM-GMH","GANCHOS M/H",3,"UNIDAD",78.233999999999995,234.702]
["2018-03-23","OFICINA ( 13 )","SUM-GOM","GOMITAS",14,"CAJA",30.68,429.52]
["2019-02-26","OFICINA ( 13 )","SUM-JB. AZ.","JABON AZULITO",182,"UND",2.1633300000000002,393.72606000000002]
["2018-03-23","OFICINA ( 13 )","SUM-LAP.N.","LAPICERO NEGRO ",118,"UND",10.4,1227.2]
["2019-02-26","OFICINA ( 13 )","SUM-LAPIRO","LAPICERO ROJO",40,"UND",10.349119999999999,413.96479999999997]
["2017-02-01","OFICINA ( 13 )","SUM-LCAR","LAPIZ",289,"UND",7.9967699999999997,2311.0665300000001]
["2006-12-31","OFICINA ( 13 )","SUM-MAR","MARCADORES",47,"UND",24.001200000000001,1128.0563999999999]
["2006-12-31","OFICINA ( 13 )","SUM-PEND","PENDAFLEX  X 11",4,"UND",1486.4991,5945.9964]
["2017-01-26","OFICINA ( 13 )","SUM-PER","PERFORADORA (2 HOYOS )",11,"UND",277.3,3050.3]
["2017-01-26","OFICINA ( 13 )","SUM-PLA","PORTA LAPIZ",16,"UND",90.86,1453.76]
["2019-02-26","OFICINA ( 13 )","SUM-PNOT","PAPEL NOTARIAL",11,"RESMA",238.68181999999999,2625.5000199999999]
["2018-03-23","OFICINA ( 13 )","SUM-POC","PORTA CLIP",14,"UND",66.031570000000002,924.44198000000006]
["2019-02-26","OFICINA ( 13 )","SUM-RECBA","RECOGEDOR DE BASURA",1,"UND",115.97432999999999,115.97432999999999]
["2018-03-23","OFICINA ( 13 )","SUM-RPX14","RESMA DE PAPEL BONB 81/2X14",13,"RESMA",345.45416999999998,4490.9042099999997]
["2018-03-23","OFICINA ( 13 )","SUM-SAP","SACA PUNTA",15,"UND",7.7086300000000003,115.62945000000001]
["2018-03-23","OFICINA ( 13 )","SUM-SER","SERVILLETAS",843,"PAQUET",51.416269999999997,43343.915609999996]
["2018-03-23","OFICINA ( 13 )","SUM-SM","SOBRES MANILA 9X12",464,"UND",9.7136300000000002,4507.1243199999999]
["2018-03-23","OFICINA ( 13 )","SUM-STIM","SOBRES TIMBRADOS",783,"UND",10.88754,8524.9438200000004]
["2018-03-23","OFICINA ( 13 )","SUM-SUAP","SUAPER",46,"UND",182.50156000000001,8395.0717600000007]
["2017-01-26","OFICINA ( 13 )","SUM-TAL.ORD. DESP.","TALONARIO ORDEN DE DESPACHO.",93,"UND",200.59612000000001,18655.439160000002]
["2017-01-26","OFICINA ( 13 )","SUM-TALEM","TALONARIO ENT. DE MATERIALES",110,"UND",57.3232,6305.5519999999997]
["2017-01-26","OFICINA ( 13 )","SUM-TBLL","TABLILLAS 81/2X11",21,"UND",138.06,2899.26]
["2017-01-26","OFICINA ( 13 )","SUM-TLCAGR","TALONARIO CONTROL AGROQUIMICO",91,"UND",412.43626999999998,37531.700570000001]
["2017-01-26","OFICINA ( 13 )","SUM-VAS","VASOS #10",296,"PAQUET",75.52,22353.919999999998]
["2017-01-26","OFICINA ( 13 )","T206A C","TONER HP-206 A C.",4,"UND",6035.67191,24142.68764]
["2017-01-26","OFICINA ( 13 )","T206A M","TONER HP-206 A M.",4,"UND",6052.8942900000002,24211.577160000001]
["2017-01-26","OFICINA ( 13 )","T206AK","TONER  HP-206 A K.",1,"UND",5200.26,5200.26]
["2017-01-26","OFICINA ( 13 )","T206AY","TONER HP-206 A Y.",4,"UND",6052.8942900000002,24211.577160000001]
["2017-01-26","OFICINA ( 13 )","TA","TINTA AZUL P/S",31,"POTE",45.653309999999998,1415.25261]
["2017-01-26","OFICINA ( 13 )","TALON.PERS.NOM.","TALONARIO PERSONAL NOMINAL",2,"UND",95,190]
["2017-01-26","OFICINA ( 13 )","TALONARIO SOL. C.C.","TALONARIO SOLICITUD CAJA CHICA",53,"UND",32.690759999999997,1732.6102799999999]
["2017-01-26","OFICINA ( 13 )","TB,","TINTA 664 BLACK",28,"UND",242.29333,6784.21324]
["2017-01-26","OFICINA ( 13 )","TB,.","TINTA 664 Y.",40,"UND",247.8,9912]
["2017-01-26","OFICINA ( 13 )","TB.","TINTA 664 CYAN",39,"UND",250.31515999999999,9762.2912400000005]
["2017-01-26","OFICINA ( 13 )","TB664","TINTA 664 MAG.",39,"UND",249.36915999999999,9725.3972400000002]
["2019-02-15","OFICINA ( 13 )","TCVP","TALON.CONTROL VISITAS A PROD.",44,"UND",55,2420]
["2019-02-15","OFICINA ( 13 )","TE504C","TINTA  504 CYAN",39,"UND",362.10174999999998,14121.96825]
["2017-01-26","OFICINA ( 13 )","TE504M","TINTA  504 M.",37,"UND",354.33067999999997,13110.235159999998]
["2019-02-15","OFICINA ( 13 )","TE504Y","TINTA  504 Y.",24,"UND",412.04512999999997,9889.0831199999993]
["2019-02-15","OFICINA ( 13 )","TE544C","TINTA EPSON 544C",35,"UND",355.51177999999999,12442.9123]
["2019-02-15","OFICINA ( 13 )","TE544K","TINTA EPSON 544K",10,"UND",403.36844000000002,4033.6844000000001]
["2019-02-15","OFICINA ( 13 )","TE544M","TINTA EPSON 544M",35,"UND",354.21215000000001,12397.42525]
["2019-02-15","OFICINA ( 13 )","TE544Y","TINTA EPSON 544Y",34,"UND",358.96827999999999,12204.92152]
["2019-02-15","OFICINA ( 13 )","TEPLX350","TINTA EPSON LX350",25,"UND",239.54,5988.5]
["2019-02-15","OFICINA ( 13 )","TET504","TINTA  504 BLACK",27,"UND",397.98133999999999,10745.49618]
["2019-02-15","OFICINA ( 13 )","TP/C","TOALLA P/COCINA",113,"UND",214.19387,24203.907309999999]
["2019-02-15","OFICINA ( 13 )","VASOS #7","VASOS #7",160,"PAQUET",43.66,6985.5999999999995]
["2019-02-15","OFICINA ( 13 )","VN5","VASOS N. 5",222,"PAQUET",62.54,13883.88]
["TOTAL",null,null,null,null,null,null,{"$f":"SUM(H168:H291)","v":1291207.0708500003}]
[]
[]
[]
[]
[]
[]
[]
[]
[]
[]
[]
[]
[]
[]
[]
[]
[]
[]
[]
[]
[]
[]
[]
[]
[]
["INSTITUTO DEL TABACO DE LA REPÚBLICA DOMINICANA"]
["INVENTARIO SUMINISTRO"]
["MES DE JUNIO 2025"]
[]
["Fecha de adquisición y/o registro","Artículo","Código institucional","Descripción artículo","Existencia","Unidad","Costo","Valor"]
[]
[]
[]
[]
["2018-03-23","GENERAL ( 21 )","MASKT-001","MASKING TAPE ",62,"UND",45.926659999999998,{"$f":"+G327*E327","v":2847.4529199999997}]
["2018-03-23","GENERAL ( 21 )","PAPE-CON-9 1/2X5 1/2","PAPEL CONTINUO 9 1/2 X 5 1/2 P. FACT.",4,"UNIDAD",601.69399999999996,{"$f":"+G328*E328","v":2406.7759999999998}]
["2017-02-01","GENERAL ( 21 )","PERFO-001","PERFORADORA DE 3 HOYOS",1,"UND",350,350]
["2018-03-23","OTROS ( 12 )","AMBIEN 2","AMBIENTADOR 2",114,"UND",116.83324,13318.98936]
["2018-03-23","OTROS ( 12 )","AT.,","ATOMIZADOR",4,"UND",227.74,910.96]
["2018-03-23","OTROS ( 12 )","BP/C","BLANQUEADOR P/ CERAMICA",9,"GAL",253.7,2283.2999999999997]
["2017-02-01","OTROS ( 12 )","BRILLO .V.","BRILLO VERDE",51,"UND",44.61524,2275.3772399999998]
["2017-02-06","OTROS ( 12 )","C.D.C","CINTA DOBLE CARA ",38,"UND",260.66059000000001,9905.1024200000011]
["2018-03-23","OTROS ( 12 )","CD,.","CUBIERTOS DES.",145,"PAQUET",25.23077,3658.4616499999997]
["2019-02-26","OTROS ( 12 )","CREM","CREMORA",138,"UND",377.6,52108.800000000003]
["2018-03-23","OTROS ( 12 )","GRAPAS 3","GRAPAS 3/4",5,"CAJA",211.864,1059.32]
["2018-03-23","OTROS ( 12 )","LAN","LANILLA P/LIMPIAR",67,"UND",75.771209999999996,5076.6710699999994]
["2018-03-23","OTROS ( 12 )","LI.C.","LIMPIADOR CRISTAL ",14,"POTE",111.29347,1558.1085800000001]
["2017-01-31","OTROS ( 12 )","LT,","LIBRETA TIMBRADA",111,"UND",199.91923,22191.034530000001]
["2018-02-21","OTROS ( 12 )","PA.C.A","PAPEL CARBON ",1,"UND",377.28091999999998,377.28091999999998]
["2019-02-26","OTROS ( 12 )","PDN6","PLATOS DESECH. N6",55,"PAQUET",53.454000000000001,2939.9700000000003]
["2019-02-26","OTROS ( 12 )","TS.M.","TALON. SOLICITUD MATERIALES",94,"UND",247.8,23293.200000000001]
["2017-02-23","OFICINA ( 13 )","12","RESMA DE PAPEL BOND 8 1/2 X11",471,"RESMA",214.76,101151.95999999999]
["2017-03-31","OFICINA ( 13 )","3X3","POST-IT3X3 WORKER",81,"UND",36.543280000000003,2960.0056800000002]
["2019-02-26","OFICINA ( 13 )","BLP/B","BLANQUEADOR LIQUIDO P/BAÑO",6,"GAL",247.8,1486.8000000000002]
["2017-04-24","OFICINA ( 13 )","BO","BORRADOR",23,"UND",10.71564,246.45972]
["2017-02-07","OFICINA ( 13 )","BP/E","BANDEJA P/ ESCRITORIO",13,"UND",776.03078000000005,10088.400140000002]
["2018-03-23","OFICINA ( 13 )","C.2","CLIP BILLETERO 51MM",61,"CAJA",193.42124000000001,11798.69564]
["2018-03-23","OFICINA ( 13 )","C.B 125MM","CLIP BILLETERO 125MM",56,"CAJA",47.522410000000001,2661.2549600000002]
["2017-04-24","OFICINA ( 13 )","C.BILL.","CLIP BILLETERO 32MM",24,"CAJA",48.8992,1173.5808]
["2019-02-15","OFICINA ( 13 )","C.E 890","CINTA EPSON 890",21,"UND",468.40870000000001,9836.5827000000008]
["2019-02-15","OFICINA ( 13 )","CB 1.5","CLIP BILLETERO 41MM",48,"CAJA",129.99941999999999,6239.9721599999993]
["2019-02-15","OFICINA ( 13 )","CCE278","CARTUCHO LASER 278",18,"UND",522.91878999999994,9412.5382199999985]
["2019-02-15","OFICINA ( 13 )","CCE285","CARTUCHO LASER 285",16,"UND",474.36,7589.76]
["2019-02-15","OFICINA ( 13 )","CEPILLO P.","CEPILLO PARED",9,"UND",49.56,446.04]
["2019-02-15","OFICINA ( 13 )","CINTA P/ CALCULADORA","CINTA P/ CALCULADORA ELEC.",5,"UND",56.002800000000001,280.01400000000001]
["2019-02-15","OFICINA ( 13 )","CINTA-001","CINTA ADHESIVA 3/4",465,"UNIDAD",37.76,17558.399999999998]
["2006-12-31","OFICINA ( 13 )","CP/C.","CERA PARA CONTAR",1,"UND",49.56,49.56]
["2019-02-15","OFICINA ( 13 )","CPE","CUBIERTAS P/ENCUADERNAR",16,"PAQUET",451.35342000000003,7221.6547200000005]
["2019-02-15","OFICINA ( 13 )","CPPD","CARPETAS PRINTEADAS P/DOC.",76,"UND",442.5,33630]
["2017-02-01","OFICINA ( 13 )","CUC. DES.","CUCHARAS DES.",12,"PAQUET",17.7,212.39999999999998]
["2017-02-01","OFICINA ( 13 )","D","DETERGENTE",20,"UND",1133.04349,22660.8698]
["2017-02-07","OFICINA ( 13 )","DES.","DESINFECTANTE",270,"GAL",130.33099999999999,35189.369999999995]
["2017-02-06","OFICINA ( 13 )","E35MM","ESPIRAL 3/4",11,"PAQUET",867.06132000000002,9537.6745200000005]
["2017-02-01","OFICINA ( 13 )","EG.","EGA",1,"GAL",445.11173000000002,445.11173000000002]
["2017-02-01","OFICINA ( 13 )","ESC.","ESCOBA",36,"UND",146.17581999999999,5262.3295199999993]
["2019-02-26","OFICINA ( 13 )","F.M.E.","FORMULARIO EQUIPOS Y/O MOV.",72,"UND",135.85946000000001,9781.8811200000018]
["2017-02-01","OFICINA ( 13 )","F30G","FUNDAS 30GLS.",79,"PAQUET",672.6,53135.4]
["2018-02-21","OFICINA ( 13 )","FUND. 55","FUNDAS 55 P/B.",81,"PAQUET",783.68584999999996,63478.553849999997]
["2018-02-21","OFICINA ( 13 )","GG.","GUANTES GOMAS",78,"PAR",47.694369999999999,3720.16086]
["2018-02-21","OFICINA ( 13 )","GR26/6","GRAPAS 26/6",32,"CAJA",65.085509999999999,2082.73632]
["2017-02-07","OFICINA ( 13 )","LIQUI-001","CORRECTOR LIQUIDO",46,"UND",24.78,1139.8800000000001]
["2017-02-01","OFICINA ( 13 )","LLM","JABON LIQ.P/MANOS",233,"UND",205.84950000000001,47962.933499999999]
["2018-02-21","OFICINA ( 13 )","LR","LIBRO RECORD",2,"UND",283.2,566.4]
["2017-01-31","OFICINA ( 13 )","P.TP/M","PAPEL TOALLA P/MANO",254,"UND",129.80000000000001,32969.200000000004]
["2018-03-20","OFICINA ( 13 )","PAPEL J.","PAPEL JUMBO",262,"UND",64.900000000000006,17003.800000000003]
["2019-02-26","OFICINA ( 13 )","PC4C","PAPEL CONT. 9 1/2 X 11 4C.",29,"CAJA",754.76241000000005,21888.10989]
["2019-02-26","OFICINA ( 13 )","PLATOS N9","PLATOS DES. N9",36,"PAQUET",63.72,2293.92]
["2019-02-26","OFICINA ( 13 )","PLD7X8CD.","PLATOS DESECH. 7X8 C/DIV.",33,"PAQUET",937.51,30937.829999999998]
["2019-02-26","OFICINA ( 13 )","PP/B","PASTILLA PERF. P/B",129,"UND",146.99429000000001,18962.26341]
["2017-01-26","OFICINA ( 13 )","R91/2X17","RESMA PAPEL BOND 9 1/2X17",2,"RESMA",820.1,1640.2]
["2017-02-01","OFICINA ( 13 )","ROLL","ROLLO PAPEL 2-1/4 SUMADORA",11,"UND",21.49822,236.48042000000001]
["2017-01-31","OFICINA ( 13 )","RTR","ROLON TINTA ROJA",1,"UND",84.75,84.75]
["2017-09-26","OFICINA ( 13 )","SM10X15","SOBRE MANILA  10X15",73,"UNDS",4.99735,364.80655000000002]
["2018-03-26","OFICINA ( 13 )","SPG.","ZAFACONES",28,"UND",265.5,7434]
["2017-02-01","OFICINA ( 13 )","SUM-ARC","ARCHIVO ACORDEON",8,"UND",303.26,2426.08]
["2019-02-26","OFICINA ( 13 )","SUM-AZU","LAPICERO AZUL",581,"UND",1.04,604.24]
["2017-05-08","OFICINA ( 13 )","SUM-BRI G.","BRILLO GORDO",14,"UND",7.08,99.12]
["2018-02-21","OFICINA ( 13 )","SUM-CALM","CALCULADORA MANUAL",11,"UND",562.86,6191.46]
["2017-01-23","OFICINA ( 13 )","SUM-CARP.GRAN.","CARPETA GRANDE 3 HOYOS",11,"UND",348.1,3829.1000000000004]
["2018-05-11","OFICINA ( 13 )","SUM-CLI","CLIP JUMBO",59,"UND",62.187609999999999,{"$f":"+G392*E392","v":3669.0689899999998}]
["2017-02-01","OFICINA ( 13 )","SUM-CLIP #1"," CLIP #1",26,"CAJA",17.7,460.2]
["2018-05-11","OFICINA ( 13 )","SUM-CLIP MAR.","CLIP MARIPOSA",27,"CAJA",150,4050]
["2018-05-11","OFICINA ( 13 )","SUM-CLO","CLORO",210,"GAL",87.134069999999994,18298.154699999999]
["2017-01-26","OFICINA ( 13 )","SUM-CTE","CINTAS DE EMPAQUE",88,"UND",69.62,6126.56]
["2019-02-26","OFICINA ( 13 )","SUM-ETF","ETIQUETA PARA FOLDERS",13,"UND",80.894270000000006,1051.6255100000001]
["2018-03-23","OFICINA ( 13 )","SUM-FAR","FAROLA",1,"UND",132.75,132.75]
["2017-01-26","OFICINA ( 13 )","SUM-FEL","FELPAS AZULES",31,"UND",45,1395]
["2019-02-26","OFICINA ( 13 )","SUM-FELN","FELPAS NEGRAS",19,"UND",54.110100000000003,1028.0919000000001]
["2019-02-26","OFICINA ( 13 )","SUM-FGD","FOLDER C/ BOLSILLO",44,"UND",49.998959999999997,2199.95424]
["2019-02-26","OFICINA ( 13 )","SUM-FINANC","FOLDERS FINANCIERO",341,"UND",59.261899999999997,20208.3079]
["2018-03-23","OFICINA ( 13 )","SUM-FOL11","FOLDER 8 1/2 X11",3422,"UND",3.54,12113.880000000001]
["2018-03-23","OFICINA ( 13 )","SUM-FOL14","FOLDER 8 1/2 14",469,"UND",0.47199999999999998,221.36799999999999]
["2019-02-26","OFICINA ( 13 )","SUM-FUN17","FUNDAS17/22",56,"PAQUET",139.24,7797.4400000000005]
["2018-03-23","OFICINA ( 13 )","SUM-GMH","GANCHOS M/H",3,"UNIDAD",78.233999999999995,234.702]
["2019-02-26","OFICINA ( 13 )","SUM-GOM","GOMITAS",11,"CAJA",30.68,337.48]
["2017-02-01","OFICINA ( 13 )","SUM-JB. AZ.","JABON AZULITO",165,"UND",2.1633300000000002,356.94945000000001]
["2006-12-31","OFICINA ( 13 )","SUM-LAP.N.","LAPICERO NEGRO ",116,"UND",10.4,1206.4000000000001]
["2006-12-31","OFICINA ( 13 )","SUM-LAPIRO","LAPICERO ROJO",38,"UND",10.349119999999999,393.26655999999997]
["2017-01-26","OFICINA ( 13 )","SUM-LCAR","LAPIZ",279,"UND",7.9967699999999997,2231.0988299999999]
["2017-01-26","OFICINA ( 13 )","SUM-MAR","MARCADORES",238,"UND",29.409140000000001,6999.3753200000001]
["2019-02-26","OFICINA ( 13 )","SUM-PEND","PENDAFLEX  X 11",4,"UND",1486.4991,5945.9964]
["2018-03-23","OFICINA ( 13 )","SUM-PER","PERFORADORA (2 HOYOS )",11,"UND",277.3,3050.3]
["2019-02-26","OFICINA ( 13 )","SUM-PLA","PORTA LAPIZ",16,"UND",90.86,1453.76]
["2018-03-23","OFICINA ( 13 )","SUM-PNOT","PAPEL NOTARIAL",9,"RESMA",238.68181999999999,2148.1363799999999]
["2018-03-23","OFICINA ( 13 )","SUM-POC","PORTA CLIP",14,"UND",66.031570000000002,924.44198000000006]
["2018-03-23","OFICINA ( 13 )","SUM-RESALT","RESALTADOR",115,"UND",30.68,3528.2]
["2018-03-23","OFICINA ( 13 )","SUM-RPX14","RESMA DE PAPEL BONB 81/2X14",10,"RESMA",345.45416999999998,3454.5416999999998]
["2018-03-23","OFICINA ( 13 )","SUM-SAP","SACA PUNTA",12,"UND",7.7086300000000003,92.503560000000007]
["2018-03-23","OFICINA ( 13 )","SUM-SER","SERVILLETAS",818,"PAQUET",51.416269999999997,42058.508859999994]
["2017-01-26","OFICINA ( 13 )","SUM-SM","SOBRES MANILA 9X12",412,"UND",9.7136300000000002,4002.0155600000003]
["2017-01-26","OFICINA ( 13 )","SUM-SO","SOBRES BLANCOS",362,"UND",0.1888,68.345600000000005]
["2017-01-26","OFICINA ( 13 )","SUM-STIM","SOBRES TIMBRADOS",775,"UND",14.638500000000001,11344.8375]
["2017-01-26","OFICINA ( 13 )","SUM-SUAP","SUAPER",45,"UND",182.50156000000001,8212.5702000000001]
["2017-01-26","OFICINA ( 13 )","SUM-TAL.ORD. DESP.","TALONARIO ORDEN DE DESPACHO.",91,"UND",200.59612000000001,18254.246920000001]
["2017-01-26","OFICINA ( 13 )","SUM-TALEM","TALONARIO ENT. DE MATERIALES",106,"UND",57.3232,6076.2592000000004]
["2017-01-26","OFICINA ( 13 )","SUM-TBLL","TABLILLAS 81/2X11",18,"UND",138.06,2485.08]
["2017-01-26","OFICINA ( 13 )","SUM-TIJ","TIJERAS #8",22,"UNIDAD",63.72,1401.84]
["2017-01-26","OFICINA ( 13 )","SUM-TLCAGR","TALONARIO CONTROL AGROQUIMICO",91,"UND",412.43626999999998,37531.700570000001]
["2017-01-26","OFICINA ( 13 )","SUM-VAS","VASOS #10",296,"PAQUET",75.52,22353.919999999998]
["2017-01-26","OFICINA ( 13 )","T206A C","TONER HP-206 A C.",4,"UND",6035.67191,24142.68764]
["2017-01-26","OFICINA ( 13 )","T206A M","TONER HP-206 A M.",4,"UND",6052.8942900000002,24211.577160000001]
["2017-01-26","OFICINA ( 13 )","T206AY","TONER HP-206 A Y.",4,"UND",6052.8942900000002,24211.577160000001]
["2017-01-26","OFICINA ( 13 )","TA","TINTA AZUL P/S",31,"POTE",45.653309999999998,1415.25261]
["2017-01-26","OFICINA ( 13 )","TALON.PERS.NOM.","TALONARIO PERSONAL NOMINAL",2,"UND",95,190]
["2017-01-26","OFICINA ( 13 )","TALONARIO SOL. C.C.","TALONARIO SOLICITUD CAJA CHICA",53,"UND",32.690759999999997,1732.6102799999999]
["2019-02-15","OFICINA ( 13 )","TB,","TINTA 664 BLACK",27,"UND",242.29333,6541.9199099999996]
["2019-02-15","OFICINA ( 13 )","TB,.","TINTA 664 Y.",39,"UND",247.8,9664.2000000000007]
["2017-01-26","OFICINA ( 13 )","TB.","TINTA 664 CYAN",38,"UND",250.31515999999999,9511.9760800000004]
["2019-02-15","OFICINA ( 13 )","TB664","TINTA 664 MAG.",38,"UND",249.36915999999999,9476.02808]
["2019-02-15","OFICINA ( 13 )","TCVP","TALON.CONTROL VISITAS A PROD.",44,"UND",55,2420]
["2019-02-15","OFICINA ( 13 )","TE504C","TINTA  504 CYAN",39,"UND",362.10174999999998,14121.96825]
["2019-02-15","OFICINA ( 13 )","TE504M","TINTA  504 M.",37,"UND",354.33067999999997,13110.235159999998]
["2019-02-15","OFICINA ( 13 )","TE504Y","TINTA  504 Y.",24,"UND",412.04512999999997,9889.0831199999993]
["2019-02-15","OFICINA ( 13 )","TE544C","TINTA EPSON 544C",34,"UND",355.51177999999999,12087.400519999999]
["2019-02-15","OFICINA ( 13 )","TE544K","TINTA EPSON 544K",6,"UND",403.36844000000002,2420.2106400000002]
["2019-02-15","OFICINA ( 13 )","TE544M","TINTA EPSON 544M",29,"UND",354.21215000000001,10272.15235]
["2019-02-15","OFICINA ( 13 )","TE544Y","TINTA EPSON 544Y",29,"UND",358.96827999999999,10410.080120000001]
["2019-02-15","OFICINA ( 13 )","TEPLX350","TINTA EPSON LX350",25,"UND",239.54,5988.5]
["2019-02-15","OFICINA ( 13 )","TET504","TINTA  504 BLACK",27,"UND",397.98133999999999,10745.49618]
["2019-02-15","OFICINA ( 13 )","TP/C","TOALLA P/COCINA",107,"UND",214.19387,22918.74409]
["2019-02-15","OFICINA ( 13 )","VASOS #7","VASOS #7",109,"PAQUET",43.66,4758.9399999999996]
["2019-02-15","OFICINA ( 13 )","VN5","VASOS N. 5",191,"PAQUET",62.54,11945.14]
["TOTAL",null,null,null,null,null,null,{"$f":"SUM(H327:H454)","v":1279618.2020999994}]